[Event "1st Archibald 2019"]
[Site "Sochi"]
[Date "2019.05.18"]
[Round "8.22"]
[White "Yakimenko, Alexander A."]
[Black "Osipov, Aleksandr"]
[Result "1/2-1/2"]
[WhiteElo "2059"]
[BlackElo "2024"]
[Annotator "NA"]
[PlyCount "118"]
[EventDate "2019.05.12"]
[EventType "swiss"]
[EventCountry "RUS"]
[SourceTitle "playchess.com"]
[Source "ChessBase"]
[SourceQuality "1"]
[TimeControl "5400+30"]

1. e4 {[%emt 0:00:00]} e6 {[%emt 0:00:11]} 2. d4 {[%emt 0:00:07]} d5 {[%emt 0:00:08]} 3. Nc3 {[%emt 0:00:15]} Bb4 {[%emt 0:00:16]} 4. Nge2 {[%emt 0:00:05]} dxe4 {[%emt 0:00:21]} 5. a3 {[%emt 0:00:07]} Bxc3+ {[%emt 0:00:08]} 6. Nxc3 {[%emt 0:00:07]} Nc6 {[%emt 0:00:31]} 7. Bb5 {[%emt 0:07:16]} Nge7 {[%emt 0:00:26]} 8. O-O {[%emt 0:05:11]} O-O {[%emt 0:02:33]} 9. Bg5 {[%emt 0:02:22]} f6 {[%emt 0:03:00]} 10. Be3 {[%emt 0:00:42]} f5 {[%emt 0:03:29]} 11. Qd2 {[%emt 0:06:23]} b6 {[%emt 0:17:20]} 12. f3 {[%emt 0:09:11]} exf3 {[%emt 0:05:11]} 13. Rxf3 {[%emt 0:01:22]} Bb7 {[%emt 0:01:15]} 14. Re1 {[%emt 0:05:42]} Qd6 {[%emt 0:10:31]} 15. Qf2 {[%emt 0:10:44]} Ng6 {[%emt 0:17:23]} 16. Bf4 {[%emt 0:14:26]} Nxf4 {[%emt 0:00:26]} 17. Rxf4 {[%emt 0:00:06]} Ne7 {[%emt 0:02:27]} 18. Bc4 {[%emt 0:03:28]} Rf6 {[%emt 0:02:59]} 19. Nb5 {[%emt 0:05:16]} Qc6 {[%emt 0:00:54]} 20. Qe2 {[%emt 0:09:35]} Kf7 {[%emt 0:13:21]} 21. Bb3 {[%emt 0:02:20]} a6 {[%emt 0:01:49]} 22. Nc3 {[%emt 0:00:14]} Rd8 {[%emt 0:00:07]} 23. Rd1 {[%emt 0:05:17]} Qd6 {[%emt 0:02:14]} 24. Rf2 {[%emt 0:00:51]} Rh6 {[%emt 0:00:39]} 25. h3 {[%emt 0:01:59]} Rg6 {[%emt 0:00:33]} 26. Rd3 {[%emt 0:01:53]} Kg8 {[%emt 0:05:49]} 27. Qd2 {[%emt 0:03:01]} Kh8 {[%emt 0:01:19]} 28. Ne2 {[%emt 0:00:57]} Be4 {[%emt 0:01:48]} 29. Nf4 {[%emt 0:00:38]} Rf6 {[%emt 0:00:25]} 30. Re3 {[%emt 0:00:35]} c5 {[%emt 0:00:47]} 31. c3 {[%emt 0:00:48]} Ng6 {[%emt 0:02:47]} 32. Nh5 {[%emt 0:00:43]} Rff8 {[%emt 0:00:05]} 33. Re1 {[%emt 0:00:44]} b5 {[%emt 0:02:52]} 34. Rd1 {[%emt 0:00:33]} c4 {[%emt 0:00:04]} 35. Bc2 {[%emt 0:00:40]} Bc6 {[%emt 0:00:03]} 36. Qg5 {[%emt 0:00:59]} Qe7 {[%emt 0:01:28]} 37. Qxe7 {[%emt 0:00:31]} Nxe7 {[%emt 0:00:04]} 38. Re1 {[%emt 0:00:01]} Rd6 {[%emt 0:00:51]} 39. Rfe2 {[%emt 0:00:40]} Bd7 {[%emt 0:00:41]} 40. Re5 {[%emt 0:01:11]} Nd5 {[%emt 0:00:57]} 41. g3 {[%emt 0:00:58]} g5 {[%emt 0:00:48]} 42. Bd1 {[%emt 0:00:22]} Kg8 {[%emt 0:01:03]} 43. g4 {[%emt 0:01:20]} h6 {[%emt 0:00:27]} 44. gxf5 {[%emt 0:00:18]} Rxf5 {[%emt 0:00:33]} 45. Bg4 {[%emt 0:00:12]} Rxe5 {[%emt 0:00:19]} 46. dxe5 {[%emt 0:00:50]} Rb6 {[%emt 0:00:35]} 47. Rf1 {[%emt 0:00:14]} Rb8 {[%emt 0:00:53]} 48. Nf6+ {[%emt 0:00:48]} Nxf6 {[%emt 0:00:01]} 49. exf6 {[%emt 0:00:24]} Kf8 {[%emt 0:00:47]} 50. Rd1 {[%emt 0:00:15]} Rb7 {[%emt 0:00:26]} 51. Bh5 {[%emt 0:00:33]} e5 {[%emt 0:00:52]} 52. Rd6 {[%emt 0:00:17]} a5 {[%emt 0:00:34]} 53. Ra6 {[%emt 0:00:23]} Rb8 {[%emt 0:00:01]} 54. Ra7 {[%emt 0:00:43]} Bxh3 {[%emt 0:00:14]} 55. Rh7 {[%emt 0:00:45]} Kg8 {[%emt 0:00:13]} 56. Rg7+ {[%emt 0:00:29]} Kf8 {[%emt 0:00:20]} 57. Rf7+ {[%emt 0:00:16]} Kg8 {[%emt 0:00:05]} 58. Rg7+ {[%emt 0:00:33]} Kf8 {[%emt 0:00:01]} 59. Re7 {[%emt 0:00:17]} Bd7 {[%emt 0:00:06]} 1/2-1/2

[Event "1st Archibald 2019"]
[Site "Sochi"]
[Date "2019.05.19"]
[Round "9.1"]
[White "Stupak, Kirill"]
[Black "Bogdanovich, Stanislav"]
[Result "1/2-1/2"]
[WhiteElo "2551"]
[BlackElo "2581"]
[Annotator "TA"]
[PlyCount "25"]
[EventDate "2019.05.12"]
[EventType "swiss"]
[EventCountry "RUS"]
[SourceTitle "playchess.com"]
[Source "ChessBase"]
[SourceQuality "1"]

{[%evp 24,25,0,0]} 1. d4 d5 2. c4 dxc4 3. e4 Nf6 4. e5 Nd5 5. Bxc4 Nb6 $146 ({Predecessor:} 5... Nc6 6. Nf3 Nb6 {½-½ (12) Timofeev,A (2592)-Sjugirov,S (2663) Moscow 2019}) 6. Bb3 Nc6 7. Nf3 Bg4 8. Ng5 Bxd1 9. Bxf7+ Kd7 10. Be6+ Ke8 11. Bf7+ Kd7 12. Be6+ Ke8 13. Bf7+ 1/2-1/2

[Event "1st Archibald 2019"]
[Site "Sochi"]
[Date "2019.05.19"]
[Round "9.2"]
[White "Alekseev, Evgeny"]
[Black "Esipenko, Andrey"]
[Result "1/2-1/2"]
[WhiteElo "2647"]
[BlackElo "2620"]
[Annotator "TA"]
[PlyCount "92"]
[EventDate "2019.05.12"]
[EventType "swiss"]
[EventCountry "RUS"]
[SourceTitle "playchess.com"]
[Source "ChessBase"]
[SourceQuality "1"]

{[%evp 18,92,19,0,4,0,8,0,0,-24,-4,-10,-20,-40,0,0,0,0,0,0,0,-2,0,0,64,31,43,20,41,39,91,120,108,109,123,108,117,89,126,119,143,127,134,125,127,126,125,124,127,137,135,114,130,118,116,105,139,120,141,54,80,24,39,36,29,33,378,321,315,325,400,0,345,0,375,0,353]} 1. c4 e5 2. d3 Nf6 3. Nf3 Nc6 4. a3 d5 5. cxd5 Nxd5 6. e3 a5 7. Nc3 Be7 8. Be2 O-O 9. O-O Be6 10. Qc2 Qd7 {A28: English Opening: Four Knights Variation} (10... f5 11. Re1 Kh8 12. Nxd5 Qxd5 13. e4 Qd6 14. exf5 Bxf5 15. Be3 Rad8 16. Rad1 Qg6 17. Qb3 Be6 18. Qa4 Bd5 {0-1 (55) Timofeev,A (2589)-Karjakin,S (2753) St Petersburg 2018}) 11. Bd2 Nb6 12. b3 f5 13. Bc1 Bf6 14. Rb1 g5 $146 ({Predecessor:} 14... Rad8 15. Nd2 f4 16. Nce4 Be7 17. Re1 Bg4 18. Nf3 Bxf3 19. gxf3 {0-1 (52) Marek,S (2221)-Kubasky,A (2230) Slovakia 1997}) 15. Na4 Nxa4 16. bxa4 g4 17. Nd2 b6 18. Bb2 Ne7 19. Rbc1 Rac8 20. Rfe1 Nd5 (20... c5 $11) 21. Bf1 f4 22. Nc4 fxe3 23. Nxe3 Nf4 (23... Nxe3 $14 24. Rxe3 Bd5) 24. Nc4 $16 Qg7 25. g3 Nh3+ 26. Bxh3 $1 gxh3 27. Bxe5 Bd5 28. Re3 Qg6 29. Bxf6 Rxf6 30. Ne5 Qg7 31. Rce1 {[%cal Bc1e1,Be1e2,Be2b2][%mdl 32]} Rcf8 {[#]} 32. R1e2 $1 h5 33. Kf1 c6 34. Ke1 b5 35. axb5 cxb5 36. Qc5 $36 {[%mdl 2048] Keeping Black busy.} Qb7 37. Rb2 b4 38. axb4 ({Better is} 38. Qxa5 $16 b3 39. Qc3) 38... a4 $1 $14 {[%cal Ra4a3] [#] Hoping for ...a3.} 39. b5 (39. Nc4 $16) 39... Rc8 $11 40. Nc6 Bxc6 41. Qg5+ Kf7 $2 {[%mdl 8192]} (41... Qg7 $14 42. Qxg7+ Kxg7 43. bxc6 Rcxc6) 42. Qxh5+ $18 Kg7 {Threatening ...Bf3.} 43. Qg5+ Kf7 {next ...Bf3 is good for Black.} 44. Qh5+ Kg7 $1 {White must now prevent ...Bf3.} 45. Qg5+ Kf7 {White should prevent ...Bf3.} 46. Qh5+ Kg7 $1 {[%mdl 32768] Accuracy: White = 57%, Black = 57%. . An unexpected result.} 1/2-1/2

[Event "1st Archibald 2019"]
[Site "Sochi"]
[Date "2019.05.19"]
[Round "9.3"]
[White "Aleksandrov, Aleksej"]
[Black "Rakhmanov, Aleksandr"]
[Result "1-0"]
[WhiteElo "2603"]
[BlackElo "2629"]
[Annotator "TA"]
[PlyCount "121"]
[EventDate "2019.05.12"]
[EventType "swiss"]
[EventCountry "RUS"]
[SourceTitle "playchess.com"]
[Source "ChessBase"]
[SourceQuality "1"]

{[%evp 13,121,35,34,35,37,42,73,28,29,31,34,18,16,16,49,41,41,41,35,37,35,38,76,67,72,43,59,57,57,61,67,60,77,18,21,7,2,15,6,18,37,0,0,0,33,41,62,81,64,49,125,106,162,162,162,162,167,167,167,148,549,451,693,680,794,795,788,629,2360,4614,5704,6110,12823,4975,4690,584,724,6767,29973,29974,29974,29973,29972,29973,29973,29974,29973,4627,29980,29976,29976,29977,29978,29979,29979,29980,29980,29981,29981,29982,29982,29983,29983,29982,29982,29981,29982,29983,29983,29984]} 1. d4 d6 2. e4 Nf6 3. Nc3 e5 4. dxe5 dxe5 5. Qxd8+ Kxd8 6. Bc4 Ke8 7. Nf3 Bd6 8. O-O {B07: Pirc Defence: Miscellaneous Systems} (8. Be3 a6 9. a3 h6 10. h3 Nbd7 11. O-O-O b6 12. Nd2 Bb7 13. Rhe1 Ke7 14. Ba2 c6 15. g4 b5 {1-0 (40) Demchenko,A (2679)-Kadric,D (2554) Skopje 2018}) 8... a6 9. a4 b6 10. b3 {White is better.} Bb7 11. Bb2 Nbd7 12. Rad1 $146 ({Predecessor:} 12. Rfe1 c6 13. Rad1 Bb4 14. Re2 b5 15. Bd3 Ba5 16. axb5 axb5 {0-1 (40) Rendboe,J (2252)-Zhu,C (2476) Paris 2010}) 12... Ke7 13. Rfe1 Rae8 14. Ng5 Rhf8 15. Nd5+ Nxd5 16. exd5 h6 17. Ne4 Bb4 18. c3 Bd6 $1 19. f4 f6 20. b4 Ra8 21. a5 bxa5 22. bxa5 Rab8 23. Rb1 ({White should try} 23. Bc1 $16) 23... Bc8 24. Bd3 Nc5 25. Nxc5 Bxc5+ 26. Kh1 {Hoping for Ba3!} Kd8 27. fxe5 fxe5 28. c4 $1 $36 {[%mdl 2048] White is pushing.} Bd6 29. c5 Bxc5 30. Bxe5 {[%mdl 64] [#] Discovered Attack} Rxb1 31. Rxb1 Rf7 (31... Rf2 $14) 32. Rb8 $16 {Threatens to win with Bxa6.} Kd7 {[#]} (32... Rd7 $16 33. Bxa6 Rxd5 34. Rxc8+ {[%mdl 64] Double Attack} Ke7 35. Rxc7+ Kd8) 33. g4 $1 $18 Ba7 34. Ra8 Bc5 {Strongly threatening ...Bb7!} 35. Bxa6 Bxa6 36. Rxa6 Bd6 $2 {[%mdl 8192]} (36... h5 $16 {is tougher.}) 37. Bxd6 {[%mdl 4096] Endgame KRB-KR} Rf6 (37... Rf1+ $142 38. Kg2 Rf6 {[%mdl 64] Pin}) 38. h4 g5 39. hxg5 hxg5 40. Kg2 cxd6 {KR-KR} 41. Ra7+ Kc8 42. Rg7 Rf4 43. Rxg5 Ra4 44. Kg3 Kd7 45. Rf5 Ke7 46. g5 Rxa5 47. g6 Ra4 48. Rf7+ Ke8 49. Rf4 Ra1 50. Kh4 Ke7 51. Rf7+ {White mates.} Ke8 52. Rf5 Rh1+ 53. Kg5 Rg1+ 54. Kh6 Rh1+ 55. Rh5 Rg1 56. g7 Kf7 57. Rf5+ Ke7 58. Kh7 Rh1+ 59. Kg8 Rh4 60. Rf7+ Ke8 61. Rf6 {Accuracy: White = 74%, Black = 42%.} 1-0

[Event "1st Archibald 2019"]
[Site "Sochi"]
[Date "2019.05.19"]
[Round "9.4"]
[White "Bocharov, Dmitry"]
[Black "Tsydypov, Zhamsaran"]
[Result "0-1"]
[WhiteElo "2530"]
[BlackElo "2546"]
[Annotator "TA"]
[PlyCount "96"]
[EventDate "2019.05.12"]
[EventType "swiss"]
[EventCountry "RUS"]
[SourceTitle "playchess.com"]
[Source "ChessBase"]
[SourceQuality "1"]

{[%evp 15,96,40,47,40,51,62,94,74,76,70,75,50,58,58,45,49,57,55,47,43,69,60,105,66,55,64,57,38,61,55,66,60,62,62,66,31,34,23,54,33,61,34,60,50,53,57,50,46,49,50,123,123,123,137,127,0,0,0,0,0,0,-194,-75,-77,-20,-40,0,0,0,0,0,-55,-55,-55,-55,-57,-56,-1093,-1069,-1158,-1151,-29995,-29996]} 1. d4 Nf6 2. c4 g6 3. Nc3 Bg7 4. e4 d6 5. f3 O-O 6. Be3 Nc6 7. Nge2 a6 8. Qd2 Bd7 9. b3 {E83: King's Indian: Sämisch Panno (6...Nc6): Lines without either Nge2 or Qd2} e6 10. Rc1 $146 ({Predecessor:} 10. g3 Rb8 11. Bg2 b5 12. cxb5 axb5 13. O-O b4 14. Nd1 Na5 15. Nf2 Bb5 16. Rfd1 Nd7 {0-1 (46) Dreev,A (2654)-Fier,A (2577) Jurmala 2013}) 10... Ne7 11. Nf4 {White is better.} Rb8 12. Be2 Nc6 13. O-O e5 14. dxe5 dxe5 15. Nd3 Be6 16. Rfd1 Nd7 17. Bf1 f5 18. exf5 gxf5 19. Qe1 Qe8 20. Nd5 Rc8 $1 21. f4 e4 22. N3b4 Nd8 23. Nc2 c6 24. Nc3 {[%cal Bd5c3,Bc3e2,Be2d4][%mdl 32]} Bf7 25. Bd4 Ne6 26. Bxg7 Kxg7 27. Qh4 Nf6 28. Ne2 ({Don't play} 28. Rd6 Qe7 $11) 28... Qe7 29. Ncd4 Bg6 30. Nxe6+ Qxe6 31. Nd4 Qe7 32. Qg5 Kh8 (32... Qd7 $14) 33. Nxf5 $16 Bxf5 34. Qxf5 Rce8 35. Qa5 (35. g3 $16) 35... e3 $1 $11 {[%cal Re3e2] Hoping for ...e2.} 36. Re1 {Threatens to win with g3.} Qd6 37. Be2 Ne4 38. Bf3 $2 (38. g3 $11 {and White stays safe.}) 38... Qd2 ({Worse is} 38... Rxf4 39. Rcd1 $14) (38... Qxf4 $19 39. Bxe4 Qf2+ 40. Kh1 Rxe4 41. Qc3+ Kg8) 39. Qh5 $17 Nf2 (39... e2 $17 40. Bxe4 Qe3+ 41. Kh1 Rxe4) 40. Rb1 Nd3 41. Re2 $40 {[%mdl 128] White attacks.} Qc3 42. g3 Nc1 43. Rxc1 (43. Reb2 $11) 43... Qxc1+ $15 44. Kg2 Qc3 45. Qc5 Qd3 46. b4 $2 {[%mdl 8192] [#]} (46. Bg4 $15) 46... Rf5 $1 $19 47. Qb6 {[#]} Rxf4 $1 {[%mdl 512]} 48. gxf4 Rg8+ {Accuracy: White = 56%, Black = 65%.} 0-1

[Event "1st Archibald 2019"]
[Site "Sochi"]
[Date "2019.05.19"]
[Round "9.5"]
[White "Khalifman, Alexander"]
[Black "Gochelashvili, David"]
[Result "1-0"]
[WhiteElo "2616"]
[BlackElo "2392"]
[Annotator "TA"]
[PlyCount "69"]
[EventDate "2019.05.12"]
[EventType "swiss"]
[EventCountry "RUS"]
[SourceTitle "playchess.com"]
[Source "ChessBase"]
[SourceQuality "1"]

{[%evp 29,69,52,59,50,64,54,73,68,70,70,74,79,102,104,103,100,90,61,110,92,99,101,120,124,134,126,174,183,227,235,252,249,246,243,226,238,313,312,971,925,923,882]} 1. d4 Nf6 2. Nf3 g6 3. c4 Bg7 4. Nc3 O-O 5. e4 d6 6. Be2 c5 7. O-O cxd4 8. Nxd4 Nc6 9. Be3 Bd7 10. Qd2 Nxd4 11. Bxd4 Bc6 12. f3 Nd7 13. Be3 a5 14. b3 Nc5 15. Rac1 {[%cal Ba1c1,Bc1c2,Bc2c7][%mdl 32]} Qb6 16. Nd5 {B38: Sicilian: Maroczy Bind with 5...Bg7 and 7...0-0} Bxd5 17. cxd5 Qb4 18. Rc2 {White is better.} Na6 $146 ({Predecessor:} 18... Qxd2 19. Bxd2 Bd4+ 20. Kh1 f5 21. exf5 Rxf5 22. Rd1 Bg7 23. Be3 {1-0 (32) Pichot,A (2581)-Lopez Silva,H (2399) Antofagasta 2019}) 19. Bxa6 Qxd2 20. Bxd2 Bd4+ 21. Kh1 Rxa6 22. Rc7 a4 23. b4 Rb6 24. Rfc1 ({But not} 24. Rxe7 $6 Rc8 $11) 24... Re8 25. R1c4 Bb2 26. Kg1 Rb5 27. Kf1 f5 28. Ke2 fxe4 29. fxe4 e6 30. Rc8 $1 {[%cal Rc8e8]} Rxc8 31. Rxc8+ Kf7 {[#]} 32. Rc7+ $1 Kf6 {[#]} 33. h4 $1 {Kd3 is the strong threat.} ({Weaker is} 33. Rxh7 exd5 34. exd5 Ke5 $14) 33... Ke5 $2 (33... exd5 34. Bg5+ Ke5) 34. Kd3 $18 h6 {[#]} 35. Bxh6 {Played: Rc7-e7} 1-0

[Event "1st Archibald 2019"]
[Site "Sochi"]
[Date "2019.05.19"]
[Round "9.6"]
[White "Makoveev, Ilya"]
[Black "Volkov, Sergey"]
[Result "1/2-1/2"]
[WhiteElo "2290"]
[BlackElo "2572"]
[Annotator "RC"]
[PlyCount "93"]
[EventDate "2019.05.12"]
[EventType "swiss"]
[EventCountry "RUS"]
[SourceTitle "playchess.com"]
[Source "ChessBase"]
[SourceQuality "1"]
[TimeControl "5400+30"]

1. e4 {[%emt 0:01:28]} e6 {[%emt 0:00:00]} 2. d4 {[%emt 0:00:00]} d5 {[%emt 0:00:00]} 3. Nd2 {[%emt 0:00:18]} Nf6 {[%emt 0:00:00]} 4. e5 {[%emt 0:00:45]} Nfd7 {[%emt 0:00:04]} 5. Bd3 {[%emt 0:00:15]} c5 {[%emt 0:00:06]} 6. c3 {[%emt 0:00:00]} Nc6 {[%emt 0:00:06]} 7. Ne2 {[%emt 0:00:27]} cxd4 {[%emt 0:00:00]} 8. cxd4 {[%emt 0:00:08]} f6 {[%emt 0:00:12]} 9. exf6 {[%emt 0:00:13]} Nxf6 {[%emt 0:00:07]} 10. Nf3 {[%emt 0:01:00]} Bd6 {[%emt 0:00:09]} 11. O-O {[%emt 0:00:19]} O-O {[%emt 0:00:09]} 12. Bf4 {[%emt 0:00:00]} Bxf4 {[%emt 0:00:12]} 13. Nxf4 {[%emt 0:00:24]} Ng4 {[%emt 0:00:00]} 14. Qd2 {[%emt 0:01:12]} Qf6 {[%emt 0:00:27]} 15. Ne2 {[%emt 0:00:51]} e5 {[%emt 0:00:23]} 16. dxe5 {[%emt 0:00:07]} Ngxe5 {[%emt 0:00:21]} 17. Nxe5 {[%emt 0:00:40]} Nxe5 {[%emt 0:00:06]} 18. Nd4 {[%emt 0:00:03]} Bg4 {[%emt 0:01:31]} 19. f3 {[%emt 0:00:41]} Bh5 {[%emt 0:00:36]} 20. Rad1 {[%emt 0:00:27]} Bf7 {[%emt 0:04:49]} 21. b3 {[%emt 0:04:07]} a5 {[%emt 0:00:45]} 22. Bb5 {[%emt 0:10:32]} Qb6 {[%emt 0:06:05]} 23. Rfe1 {[%emt 0:19:49]} Nc6 {[%emt 0:01:02]} 24. Bxc6 {[%emt 0:02:18]} bxc6 {[%emt 0:00:00]} 25. Rc1 {[%emt 0:00:53]} Rac8 {[%emt 0:07:26]} 26. Qc3 {[%emt 0:09:13]} Rfe8 {[%emt 0:02:07]} 27. Rxe8+ {[%emt 0:02:04]} Bxe8 {[%emt 0:00:04]} 28. Qc5 {[%emt 0:00:00]} Qb4 {[%emt 0:00:57]} 29. Rc3 {[%emt 0:16:04]} Bd7 {[%emt 0:01:05]} 30. a3 {[%emt 0:02:33]} Qxc5 {[%emt 0:06:43]} 31. Rxc5 {[%emt 0:00:06]} Kf8 {[%emt 0:00:40]} 32. b4 {[%emt 0:04:23]} axb4 {[%emt 0:00:07]} 33. axb4 {[%emt 0:00:01]} Rb8 {[%emt 0:06:09]} 34. Nxc6 {[%emt 0:03:12]} Bxc6 {[%emt 0:00:07]} 35. Rxc6 {[%emt 0:00:00]} Rxb4 {[%emt 0:00:07]} 36. Rd6 {[%emt 0:03:14]} Rd4 {[%emt 0:00:06]} 37. Rd7 {[%emt 0:00:33]} Rd2 {[%emt 0:00:09]} 38. h4 {[%emt 0:03:25]} h5 {[%emt 0:00:00]} 39. Kh2 {[%emt 0:01:41]} d4 {[%emt 0:00:47]} 40. Kg3 {[%emt 0:01:45]} d3 {[%emt 0:00:07]} 41. Kf4 {[%emt 0:02:52]} Rxg2 {[%emt 0:00:25]} 42. Rxd3 {[%emt 0:00:00]} Kf7 {[%emt 0:00:50]} 43. Rd5 {[%emt 0:00:37]} Kg6 {[%emt 0:00:08]} 44. Rd6+ {[%emt 0:00:31]} Kh7 {[%emt 0:00:13]} 45. Rd5 {[%emt 0:00:00]} Kh6 {[%emt 0:00:11]} 46. Rd6+ {[%emt 0:00:00]} g6 {[%emt 0:00:27]} 47. Ra6 {[%emt 0:00:05]} 1/2-1/2

[Event "1st Archibald 2019"]
[Site "Sochi"]
[Date "2019.05.19"]
[Round "9.7"]
[White "Gareyev, Timur"]
[Black "Korneev, Oleg"]
[Result "0-1"]
[WhiteElo "2570"]
[BlackElo "2530"]
[Annotator "TA"]
[PlyCount "80"]
[EventDate "2019.05.12"]
[EventType "swiss"]
[EventCountry "RUS"]
[SourceTitle "playchess.com"]
[Source "ChessBase"]
[SourceQuality "1"]

{[%evp 14,102,15,-16,17,5,12,-35,-31,-151,-156,-193,-125,-138,-62,-104,-118,-133,-146,-227,-210,-330,-338,-354,-361,-348,-340,-329,-231,-229,-217,-232,-218,-204,-169,-283,-236,-239,-251,-241,-245,-232,-238,-220,-232,-238,-219,-188,-168,-201,-203,-204,-208,-202,-172,-283,-274,-380,-394,-437,0,0,0,0,0,0,0,0,0,0,0,-605,-25,-606,-566,-1251,-968,-5106,-5106,-5106,-5097,-5097,-5097,-5097,-5097,-5089,-5089,-5081,-5065,-5065,-5065]} 1. d4 d5 2. c4 c6 3. Nf3 Nf6 4. Nc3 e6 5. e3 Nbd7 6. Qc2 Bd6 7. g4 h6 8. Rg1 e5 {D45: Semi-Slav: 5 e3} 9. cxd5 cxd5 10. g5 (10. Nb5 $5 {[%cal Rb5d6]} Bb8 11. Bd2 $11) (10. Nb5 Bb8 11. g5 hxg5 12. Nxg5 e4 13. Bd2 Nb6 14. Qc5 Bd7 15. Nd6+ Bxd6 16. Qxd6 {½-½ (30) Rapport,R (2752)-Ragger,M (2697) Baku 2016}) 10... hxg5 {White must now prevent ...g4.Black is slightly better.} 11. Rxg5 (11. Nb5 $15 Bb8 12. Nxg5 (12. Rxg5 e4 $15)) 11... e4 $17 12. Ne5 Kf8 $146 (12... Rxh2 13. Nb5 $17) (12... Nxe5 $1 $19 13. dxe5 Nd7 {[%mdl 64] Discovered Attack} 14. Rxg7 Nxe5) ({Predecessor:} 12... Nh5 13. Nxf7 Kxf7 14. Rxd5 Nb6 15. Ra5 Nf6 16. Bd2 {0-1 (46) Krasiewicz,R (2057)-Jarmula,P (2031) Warsaw 2011}) 13. f4 Nb6 (13... Be7 $17 14. Rg2 Nxe5 15. fxe5 Nh7) 14. Nb5 Be7 $1 15. a4 Ne8 16. Qf2 (16. Rg1 $17 {is a better defense.}) 16... Nd7 {Threatens to win with ...Nxe5.} 17. Qg3 (17. Rg3 $142) 17... a6 $19 ({Don't do} 17... Bxg5 18. fxg5 a6 19. Nxd7+ Bxd7 20. Nc3) 18. Nc3 Nxe5 ({Don't play} 18... Bxg5 19. fxg5 Nxe5 20. dxe5 $19) 19. dxe5 g6 20. Bd2 Be6 ({But not} 20... Bxg5 21. fxg5 Kg8 22. Ne2 $19) 21. Ne2 Ng7 22. Nd4 Rc8 23. Bc3 Nf5 24. Rxf5 (24. Nxf5 {was forced.} Bxf5 25. e6 Bxg5 26. fxg5) 24... gxf5 25. Kd2 Bc5 26. h3 Qh4 27. Qxh4 Rxh4 28. b4 Bb6 29. a5 Ba7 30. Ne2 Rh8 31. Bd4 Bxd4 32. Nxd4 Bd7 33. Rb1 {[#]} Bb5 $1 34. Nxb5 (34. Bxb5 {is the only way for White.} axb5 35. Rc1 Rxc1 36. Kxc1) 34... axb5 {[%mdl 4096] Endgame KRR-KRB} 35. Rb3 Rh6 36. Rc3 Rc4 $2 (36... Rxc3 $19 37. Kxc3 Rc6+ 38. Kb2 Rc4 $1 {[%mdl 512]} 39. Bxc4 dxc4) 37. Bxc4 $11 dxc4 {KR-KR} 38. Ra3 Rxh3 39. a6 bxa6 40. Rxa6 {[#]} Rh2+ {Played: c4-c3} 0-1

[Event "1st Archibald 2019"]
[Site "Sochi"]
[Date "2019.05.19"]
[Round "9.8"]
[White "Oganian, Miran"]
[Black "Kovalenko, Igor"]
[Result "0-1"]
[WhiteElo "2415"]
[BlackElo "2663"]
[Annotator "TA"]
[PlyCount "94"]
[EventDate "2019.05.12"]
[EventType "swiss"]
[EventCountry "RUS"]
[SourceTitle "playchess.com"]
[Source "ChessBase"]
[SourceQuality "1"]

{[%evp 11,102,15,35,9,33,17,39,35,45,16,34,25,41,35,50,54,41,10,47,5,13,6,3,15,13,0,0,0,0,-14,0,0,0,-84,-89,-116,-116,-116,-119,-138,-122,-119,-51,-38,-47,-52,-48,-95,-100,-127,-131,-132,-72,-70,-68,-136,-34,-31,-31,-38,-34,-190,-199,-239,-237,-225,-237,-233,-233,-210,-225,-416,-214,-203,-224,-29988,-209,-1023,-468,-1014,-1013,-960,-949,-1153,-1153,-1100,-1099,-1014,-1000,-29977,-29979,-29976,-4802]} 1. d4 g6 2. c4 Bg7 3. Nf3 Nf6 4. g3 b6 5. Bg2 Bb7 6. O-O O-O 7. Re1 {A50: Queen's Fianchetto Defence (1 d4 Nf6 2 c4 b6)} (7. Qc2 e6 8. Nc3 d5 9. Ne5 c6 10. Rd1 Nbd7 11. e4 dxe4 12. Nxe4 Nxe4 13. Bxe4 Qc7 14. Nxd7 Qxd7 15. Be3 {1-0 (47) Xiong,J (2672)-Mamedyarov,S (2817) chess.com INT 2019}) 7... Na6 8. d5 $146 ({Predecessor:} 8. Nbd2 d6 9. b3 c5 10. Bb2 cxd4 11. Nxd4 Bxg2 12. Kxg2 Qc8 13. e4 Qb7 14. Qe2 Nc5 {0-1 (33) Kucuksari,K (2301)-Maiorov,N (2540) Stockholm 2019}) 8... Nc5 9. Nc3 {White is slightly better.} d6 10. Nd4 a5 11. b3 Qc8 12. Bb2 h5 13. Qc2 h4 14. Nc6 Qd7 15. a3 hxg3 16. hxg3 Bxc6 $1 17. dxc6 Qg4 18. Nb5 Rfc8 19. Rad1 e5 20. b4 axb4 21. axb4 Ne6 $1 22. e3 (22. e4 $11) 22... Qh5 $1 $17 23. f4 Ng4 $1 $36 {[%mdl 2048] Keeping White busy.} 24. Bf3 {[#]} e4 $1 {[%mdl 512]} 25. Bxg4 (25. Qxe4 Qh2+) 25... Qxg4 26. Bxg7 Qxg3+ ({Don't do} 26... Nxg7 27. Qg2 $15) (26... Kxg7 $17 27. Qg2 Rh8) 27. Qg2 $15 Qxg2+ 28. Kxg2 Ra2+ 29. Kf1 {Threatens to win with Bf6.} Kxg7 30. Nc3 Ra3 31. Nxe4 Ra4 (31... Rh8 $142 $1 32. Kg2 Ra4) 32. Rb1 $17 Rh8 33. Kg2 (33. Kg1 $15) 33... Nd8 (33... Ra2+ $17 34. Nf2 Rha8) 34. Nc3 $1 $15 {[%cal Rc3a4]} Ra3 35. Nd5 Ra2+ 36. Kf3 $2 (36. Kg1 $1 $15) 36... Rh3+ $19 (36... Nxc6 37. Nxc7 Rah2 38. Red1 $11) 37. Ke4 Rd2 $1 {[%csl Gg6][%cal Rf7f5]} (37... Nxc6 38. Nxc7 Rd2 39. Ne8+ Kf8 40. Nf6 $11) 38. f5 Rh4+ ({Weaker is} 38... Nxc6 39. f6+ Kh6 40. Rh1 $15) 39. Kf3 Nxc6 40. f6+ Kf8 41. Ra1 $2 (41. Kg3 {was worth a try.} Rdh2 42. Ra1) 41... Ke8 (41... Ne5+ $142 42. Kg3 Rg4+ 43. Kh3 Ke8) 42. Nxc7+ {[#]} Kd7 $1 {[%mdl 512] ( -> ...Ne5+)} 43. Nd5 $2 (43. Kg3 $19 Rxc4 44. Na8 Rxb4 45. Reb1) 43... Rdh2 $2 (43... Ne5+ {mates} 44. Kg3 Rg4+ 45. Kh3 Rdg2 46. Ra7+ Kc8 47. Nxb6+ {[#]} Kb8 $1 {[%mdl 512]} 48. Ra8+ Kb7 $1 {[%mdl 512]} 49. Ra7+ {[%mdl 64] Decoy} Kxa7 50. Ra1+ Kb7 51. Ra7+ {[%mdl 64] Decoy} Kxa7 52. Nc8+ Kb8 $1 {[%mdl 512]} 53. c5 R4g3+ {[%mdl 64] Double Attack} 54. Kh4 Nf3#) 44. b5 $2 (44. Kg3 g5 45. Rg1) 44... Ne5+ {[%mdl 64] Double Attack} 45. Kg3 {intending Ra7+.} g5 {[%csl Gh2][%cal Rh4h3]} 46. Ra7+ Kc8 {[%csl Gh2][%cal Rh4h3]} 47. Nxb6+ {[#]} Kd8 {Played: Kc8-b8} 0-1